Catalogue 1985:Equipment for soil research
Guardat en:
| Format: | Llibre |
|---|---|
| Idioma: | Undetermined |
| Publicat: |
The Netherland
EijKelkamp
1985
|
| Matèries: | |
| Etiquetes: |
Afegir etiqueta
Sense etiquetes, Sigues el primer a etiquetar aquest registre!
|
| Thư viện lưu trữ: | Trung tâm Học liệu Trường Đại học Cần Thơ |
|---|
| LEADER | 00448nam a2200157Ia 4500 | ||
|---|---|---|---|
| 001 | CTU_28245 | ||
| 008 | 210402s9999 xx 000 0 und d | ||
| 082 | |a 025.324 | ||
| 082 | |b C357 | ||
| 245 | 0 | |a Catalogue 1985:Equipment for soil research | |
| 260 | |a The Netherland | ||
| 260 | |b EijKelkamp | ||
| 260 | |c 1985 | ||
| 650 | |a agricultural tools - bibliography | ||
| 904 | |i Liên, 981029 | ||
| 980 | |a Trung tâm Học liệu Trường Đại học Cần Thơ | ||